| 000 | 00655cam a22002171 4500 | ||
|---|---|---|---|
| 082 |
_a621 _bNEW |
||
| 100 | 1 |
_aCamm, F. J. _941027 |
|
| 245 | 1 | 0 | _aNewnes engineer's reference book. |
| 250 | _a[6th ed.] | ||
| 260 |
_aLondon, _bNewnes _c[1954] |
||
| 300 |
_a1970 p. _billus. _c20 cm. |
||
| 526 |
_a0 _b0 _c0 _d621_000000000000000_NEW |
||
| 526 |
_a0 _b0 _c0 _d621_000000000000000_NEW |
||
| 526 |
_a0 _b0 _c0 _d621_000000000000000_NEW |
||
| 526 |
_a0 _b0 _c0 _d621_000000000000000_NEW |
||
| 526 |
_a0 _b0 _c0 _d621_000000000000000_NEW |
||
| 526 |
_a0 _b0 _c0 _d621_000000000000000_NEW |
||
| 650 | 0 |
_aMCE _9379 |
|
| 650 | 0 | _aMechanical engineering | |
| 942 |
_2ddc _cBK |
||
| 999 |
_c545229 _d545229 |
||